Guiados por el espíritu de Dios: Curso de Teología Espiritual

Bewaard in:
Bibliografische gegevens
Hoofdauteur: Belda, Manuel (Auteur)
Formaat: Boek
Taal:Spaans
Gepubliceerd in: Madrid Pelícano 2006
Editie:2a. ed
Onderwerpen:
Tags: Voeg label toe
Geen labels, Wees de eerste die dit record labelt!

MARC

LEADER 00000nam a2200000 a 4500
001 UCH2915
003 CL-VaPUC
008 090702e20061100SP |||||||||||||||||spa|d
020 |a 8498400066 
082 0 4 |a 248  |b BEL  |2 21 
100 0 |a Belda, Manuel  |e author  |9 537987 
245 1 0 |a Guiados por el espíritu de Dios: Curso de Teología Espiritual 
250 |a 2a. ed 
300 |a 366 p 
942 |c BK 
945 |d 20090702 00:00:00  |a dcastane 
260 |a Madrid  |b Pelícano  |c 2006 
650 0 |a Espiritualidad   |9 267331 
650 0 |a Vida cristiana  |9 258753 
650 0 |a Pecado  |9 314980 
650 0 |a Virtud y vicio  |9 310637 
583 |a last modification  |c 20090702 00:00:00  |k Rodrigo Vera 
999 |c 334576  |d 334574 
952 |0 0  |1 0  |4 0  |6 248_000000000000000_BEL_2006  |7 0  |8 A  |9 423684  |a BIBTEO  |b BIBTEO  |d 2019-11-22  |i 4569245  |l 1  |o 248 BEL 2006  |p 4569245  |r 2025-01-17  |s 2024-08-09  |w 2019-11-22  |y BK  |k ICR